000 00365nam a2200145Ia 4500
008 230711s9999||||xx |||||||||||||| ||und||
041 _aENG
082 _a720
_bFA-G
100 _aFrank R Shell 
245 0 _aGuinness step by step DIY
250 _a1st . . Ed.
260 _c1987
_aNew York
_bGuinness World Records Limited
650 _aArchitecture
942 _cBK
999 _c2232
_d2232